| 000 | 01237cam a22002895a 4500 | ||
|---|---|---|---|
| 001 | L146327 | ||
| 002 | 17579 | ||
| 008 | 090109s2009 xxk f 001 0 eng d | ||
| 020 | _a9780415465618 | ||
| 035 | _a(Sirsi) u146327 | ||
| 041 | 0 | _aeng | |
| 050 | 0 | 4 | _a692.5 $2 18 |
| 110 | 2 |
_aDavis Langdon Mott Green Wall _94650 |
|
| 245 | 0 | 0 |
_aSpon's mechanical and electrical services price book _b2009 |
| 250 | _a40th ed. | ||
| 260 |
_aLondon _bTaylor and Francis _c2009 |
||
| 300 |
_axv, 666p. _c26cm. |
||
| 350 | _a145 | ||
| 505 | 2 | _aEngineering features -- Approximate estimating -- Material costs/measured work prices for mechanical installations -- Rates of wages -- Daywork -- Tables and memoranda | |
| 520 | _aProvides detailed pricing information across the full range of mechanical and electrical services, together with higher level costs for a wide range of systems and different building applications. Includes new infrastructure section with connection scenarios and costs. Contains revisions on renewable energy sections. | ||
| 520 | _aSupersedes 39th edition (ISBN 9780415424424). | ||
| 521 | _aAdvanced | ||
| 590 | _aKA | ||
| 651 | 4 |
_aUnited Kingdom _y |
|
| 690 | _aBUILT ENVIRONMENT-BUILDING COSTS | ||
| 942 | _n0 | ||
| 999 |
_c109120 _d109120 |
||